Statistiques concernant Culture Générale - Série 47

Cliquez ici pour prendre le quiz!

Statistiques générales

  • Ce quiz a été pris 1 118 fois
  • Le résultat moyen est 7 sur 10

Statistiques - réponses

QuestionRéponse% Correct
Aux Etats Unis, combien de mandats maximum un Président peut-il effectuer ?2
100%
En quelle année a été détruit le mur de Berlin ?1989
96%
Où a eu lieu l’exposition universelle en 1900 ?Paris
89%
Qui a écrit “Rien ne sert de courir, il faut partir à point.”Jean de la Fontaine
85%
Au Moyen-Age, quel était le nom de l'impôt versé à l'Eglise catholique ?Dîme
65%
A qui doit-on le Code civil ?Napoleon Bonaparte
63%
Quel nom portent les corps célestes tournant autour des planètes ?Satellites
63%
La plus petite partie d’un corps simple s’appelle :Molécule
51%
Que désignait l'expression "rideau de fer" employée par Winston Churchill ?Mur de Berlin
50%
Robert Koch, médecin allemand, a identifié l’agent et les modes de transmission de quelle maladie ?Tuberculose
50%

Distribution des résultats

Percentile par nombre de réponses

% des personnes avec chaque résultat

Votre développement - résultats

Vous n’avez pas pris ce quiz